Statistics for A Level Biology - Manipulating genomes

Click here to take the quiz!

General Stats

  • This quiz has been taken 14 times
  • The average score is 3 of 10

Answer Stats

DefintionKeyword% Correct
Small loops of DNA in prokaryotic cellsPlasmids
60%
A biomedical technology in molecular biology that can amplify a short length of DNA to thousands of millions of copiesPolymerase chain reaction
50%
Process used to separate proteins or DNA fragments of different sizesElectrophoresis
40%
Endonuclease enzymes that cleave DNA molecules at specific recognition sitesRestriction enzymes
40%
In gene technology, anything that can carry/insert DNA into a host organismVector
40%
Enzyme that catalyses the joining of sugar and phosphate groups within DNADNA ligase
30%
A technique that allows genes to be isolated and readDNA sequencing
30%
Method for introducing a vector with a novel gene into a cellElectroporation
0%
Gene therapy by inserting functional alleles into gametes or zygotesGerm line gene therapy
0%
Gene therapy by inserting functional alleles into body cellsSomatic cell gene therapy
0%

Score Distribution

Percentile by Number Answered

Percent of People with Each Score

Your Score History

You have not taken this quiz